00413nam a2200169Ia 4500003000400000005001700004008004100021020001500062040000700077041000800084082002200092100001700114245004300131260004000174300001600214365001300230OSt20230413122433.0210423s2003 xx 000 0 und d a8176494712 cAL aeng a657.42223b SIKT aSIKKA (T R). aPractical problems in cost accounting. aBangalorebViva Books Pvt Ltdc2003 axii,668bPB b245cINR